[Event "26th EUR-ch"]
[Site "Katowice POL"]
[Date "2026.04.12"]
[Round "5.179"]
[White "Schippke, Manon"]
[Black "Matskevich, Varvara"]
[Result "1-0"]
[WhiteElo "2269"]
[BlackElo "2073"]
[EventDate "2026.04.07"]
[PlyCount "55"]

1.e4 c5 2.Nf3 Nc6 3.b4 d5 4.exd5 Qxd5 5.Nc3 Qe6+ 6.Be2 cxb4 7.Nb5 Qd7 8.a3
e6 9.O-O a6 10.axb4 Rb8 11.Na3 Bxb4 12.Rb1 Qe7 13.Nc4 b5 14.Nce5 Na7 15.d4
Bd6 16.Be3 f6 17.Nd3 Qc7 18.d5 e5 19.Nd2 Bf5 20.c4 e4 21.Nb4 Bxb4 22.Rxb4 
Ne7 23.d6 Qxd6 24.Bxa7 Rb7 25.c5 Qe5 26.Nc4 Qc3 27.Nd6+ Kf8 28.Rb3 1-0

[Event "26th EUR-ch"]
[Site "Katowice POL"]
[Date "2026.04.12"]
[Round "5.180"]
[White "Radzikowski, Dawid"]
[Black "Mirski, Stanislaw"]
[Result "0-1"]
[WhiteElo "2007"]
[BlackElo "2266"]
[EventDate "2026.04.07"]
[PlyCount "90"]

1.e4 c5 2.Nc3 Nc6 3.Bb5 Nd4 4.Bc4 e6 5.Nf3 a6 6.a4 Ne7 7.Nxd4 cxd4 8.Ne2 
d5 9.exd5 Nxd5 10.d3 Bc5 11.O-O O-O 12.Nf4 Nf6 13.Nh5 Ne8 14.Qg4 Kh8 15.
Nf4 Be7 16.Ne2 Bf6 17.f4 Nd6 18.Bb3 b6 19.Rf3 g6 20.Rf1 Bb7 21.Qh3 Rc8 22.
a5 b5 23.Bd2 Nf5 24.c3 Bd5 25.Bxd5 Qxd5 26.g4 Ne7 27.Nxd4 Bxd4+ 28.cxd4 
Rc2 29.Qe3 Rfc8 30.Rac1 b4 31.Rxc2 Rxc2 32.Rc1 Rxb2 33.Rc7 Qd6 34.Bc1 Qxc7
35.Bxb2 Nd5 36.Qc1 Qxf4 37.Qxf4 Nxf4 38.d5+ Kg8 39.d6 Kf8 40.Bf6 Ke8 41.
Kf2 b3 42.Kf3 Nxd3 43.Ke3 b2 44.Bxb2 Nxb2 45.Kd4 Kd7 0-1

[Event "26th EUR-ch"]
[Site "Katowice POL"]
[Date "2026.04.12"]
[Round "5.181"]
[White "Pasa, Ahmet"]
[Black "Boci, Mateu"]
[Result "0-1"]
[WhiteElo "2004"]
[BlackElo "2256"]
[EventDate "2026.04.07"]
[PlyCount "80"]

1.e4 c5 2.Nf3 Nc6 3.d4 cxd4 4.Nxd4 Nf6 5.Nc3 d6 6.Bg5 Bd7 7.Nxc6 bxc6 8.
Bc4 h6 9.Bxf6 exf6 10.Qh5 g6 11.Qe2 Be7 12.O-O-O h5 13.h3 Kf8 14.g4 Qa5 
15.f4 hxg4 16.hxg4 Kg7 17.Bb3 Qc5 18.f5 Raf8 19.Kb1 a5 20.a3 Qe5 21.Qa6 g5
22.Qb7 Rxh1 23.Rxh1 Rd8 24.Qa7 d5 25.exd5 cxd5 26.Bxd5 Bxa3 27.Qxa5 Be7 
28.Qa7 Bb4 29.Bb3 Be8 30.Rd1 Bc5 31.Qb7 Rxd1+ 32.Nxd1 Qe1 33.Qd5 Qg1 34.
Qf3 Bd4 35.c3 Be5 36.Qa8 Bb5 37.Qb7 Bc4 38.Bc2 Qxg4 39.Qb4 Qe2 40.Qa5 Bd3 
0-1

[Event "26th EUR-ch"]
[Site "Katowice POL"]
[Date "2026.04.12"]
[Round "5.182"]
[White "Podolskyi, Mykhailo"]
[Black "Zhuk, Ivan"]
[Result "1/2-1/2"]
[WhiteElo "2255"]
[BlackElo "2068"]
[EventDate "2026.04.07"]
[PlyCount "63"]

1.d4 d5 2.c4 e6 3.Nc3 c6 4.Nf3 f5 5.Qc2 Nf6 6.Bg5 Be7 7.e3 O-O 8.Bd3 Ne4 
9.Bxe7 Qxe7 10.Ne5 Nd7 11.Nxd7 Bxd7 12.O-O Nf6 13.f3 c5 14.Rfe1 Rac8 15.
Qb3 Bc6 16.cxd5 Bxd5 17.Nxd5 Nxd5 18.Bc4 Rcd8 19.Rad1 Kh8 20.dxc5 Qxc5 21.
Bxd5 Rxd5 22.Rxd5 exd5 23.Rd1 Rd8 24.Rd4 h6 25.Kf2 b6 26.Qd1 Qd6 27.h4 Qf6
28.Qc2 Rd6 29.b4 Rc6 30.Qb3 Qe7 31.Qd3 Qc7 32.Qxf5 1/2-1/2

[Event "26th EUR-ch"]
[Site "Katowice POL"]
[Date "2026.04.12"]
[Round "5.183"]
[White "Perets, Dmytro"]
[Black "Kulich, Daniel"]
[Result "1-0"]
[WhiteElo "2253"]
[BlackElo "2045"]
[EventDate "2026.04.07"]
[PlyCount "129"]

1.d4 Nf6 2.Nf3 e6 3.c4 Bb4+ 4.Nbd2 d5 5.e3 c6 6.a3 Be7 7.Bd3 O-O 8.O-O 
Nbd7 9.e4 dxe4 10.Nxe4 Nxe4 11.Bxe4 Nf6 12.Bc2 b6 13.Qd3 Qc7 14.Bg5 g6 15.
Qc3 Ng4 16.Bd2 Bd6 17.h3 Nh2 18.Rfd1 Nxf3+ 19.Qxf3 Bb7 20.c5 bxc5 21.Bh6 
cxd4 22.Bxf8 Bxf8 23.Be4 f5 24.Rxd4 fxe4 25.Qxe4 e5 26.Rd3 c5 27.Qc4+ Kh8 
28.Rad1 Qc6 29.f3 e4 30.Qc3+ Kg8 31.Qc4+ Kh8 32.Rd7 exf3 33.Qc3+ Kg8 34.
Qc4+ Kh8 35.Qc3+ Kg8 36.Qc4+ Kh8 37.Kh2 fxg2 38.Qc3+ Kg8 39.Qb3+ c4 40.
Qxb7 g1=Q+ 41.Kxg1 Bc5+ 42.Kh2 Qxb7 43.Rxb7 Re8 44.Rdd7 Bf8 45.Kg2 a5 46.
Rxh7 Re2+ 47.Kf3 Rxb2 48.Rxb2 Kxh7 49.Ra2 Kh6 50.a4 Bb4 51.Rg2 c3 52.Rg4 
Kh5 53.Rc4 Kg5 54.Ke2 Kh5 55.Rxb4 axb4 56.Kd3 Kh4 57.a5 g5 58.a6 Kxh3 59.
a7 g4 60.a8=Q Kh2 61.Qa2+ Kh3 62.Ke3 g3 63.Kf3 b3 64.Qa6 Kh2 65.Qf1 1-0

[Event "26th EUR-ch"]
[Site "Katowice POL"]
[Date "2026.04.12"]
[Round "5.184"]
[White "Bourg, Nicolas"]
[Black "Margaritis, Ioannis M."]
[Result "1-0"]
[WhiteElo "2249"]
[BlackElo "2012"]
[EventDate "2026.04.07"]
[PlyCount "119"]

1.e4 c5 2.Nf3 d6 3.Bc4 Nf6 4.c3 e6 5.Qe2 Be7 6.Bb3 Qc7 7.O-O O-O 8.d4 d5 
9.e5 Ne4 10.Bf4 b6 11.Qe3 Bb7 12.Rd1 Nd7 13.h4 Qd8 14.Ng5 Nxg5 15.hxg5 Re8
16.g3 h6 17.gxh6 g5 18.Qf3 Bf8 19.h7+ Kh8 20.Be3 f5 21.exf6 Bh6 22.Ba4 
cxd4 23.cxd4 Qxf6 24.Qxf6+ Nxf6 25.Bxe8 Rxe8 26.f3 Kxh7 27.Kg2 Kg6 28.g4 
Bf8 29.Nc3 Bd6 30.Bf2 Rc8 31.Re1 Kf7 32.Bg3 Bb4 33.Rac1 Bxc3 34.Rxc3 Rxc3 
35.bxc3 Bc6 36.Rh1 b5 37.Be5 a5 38.Bxf6 Kxf6 39.Rh6+ Kf7 40.Rh7+ Kf6 41.
Ra7 a4 42.Kf2 Be8 43.Ke3 Bc6 44.Kd2 Be8 45.Rc7 Bg6 46.Rb7 Be8 47.Kc1 Bc6 
48.Rc7 Be8 49.Rb7 Bc6 50.Rb6 Bd7 51.Kb2 Ke7 52.Ka3 Kd8 53.Rb8+ Ke7 54.Kb4 
Kd6 55.Rg8 e5 56.Rg6+ Be6 57.dxe5+ Kxe5 58.Rxg5+ Kf4 59.Rg6 Bd7 60.Rf6+ 
1-0

[Event "26th EUR-ch"]
[Site "Katowice POL"]
[Date "2026.04.12"]
[Round "5.185"]
[White "Malinowski, Damian"]
[Black "Maltezeanu, Stefan"]
[Result "0-1"]
[WhiteElo "1984"]
[BlackElo "2245"]
[EventDate "2026.04.07"]
[PlyCount "164"]

1.c4 b6 2.Nc3 Bb7 3.e4 e6 4.g3 Nf6 5.Bg2 Bb4 6.Nge2 O-O 7.O-O e5 8.d3 c6 
9.a3 Be7 10.h3 h6 11.f4 d6 12.Be3 c5 13.fxe5 dxe5 14.Nd5 Nc6 15.g4 Nh7 16.
Rb1 Bg5 17.Qd2 Nd4 18.b4 cxb4 19.axb4 Ne6 20.d4 exd4 21.Nxd4 Bxe3+ 22.Qxe3
Nxd4 23.Qxd4 Ng5 24.Rbd1 Rc8 25.Qe5 Bxd5 26.cxd5 Rc4 27.Rb1 Re8 28.Qf5 f6 
29.Rfc1 Qc7 30.Rxc4 Qxc4 31.Qd7 Rc8 32.e5 Qd4+ 33.Kh1 Rc2 34.exf6 Qxf6 35.
Qe8+ Kh7 36.Be4+ Nxe4 37.Qxe4+ Qg6 38.Qxg6+ Kxg6 39.Ra1 Rc7 40.Rf1 Rf7 41.
Re1 Rd7 42.Re5 Kf6 43.Rf5+ Ke7 44.Kg2 g6 45.Re5+ Kf6 46.Re6+ Kf7 47.Rc6 
Rxd5 48.Rc7+ Kf6 49.Rxa7 Rd4 50.Rh7 Kg5 51.Kg3 Rd3+ 52.Kg2 Rb3 53.Rh8 Rxb4
54.Rh7 Rb2+ 55.Kg3 Rb3+ 56.Kg2 b5 57.Rh8 b4 58.Rb8 Kf4 59.Rf8+ Ke5 60.Rh8 
Rb2+ 61.Kg3 b3 62.Rb8 Kd5 63.Rb7 Kc4 64.Rc7+ Kd3 65.Rd7+ Kc2 66.Rc7+ Kd1 
67.Rb7 Rb1 68.Rb6 Kc2 69.Rc6+ Kd3 70.Rb6 Kc4 71.Rc6+ Kb5 72.Rxg6 b2 73.Rg8
Rg1+ 74.Kh4 b1=Q 75.Rb8+ Kc5 76.Rxb1 Rxb1 77.Kh5 Kd5 78.Kxh6 Rh1 79.Kg7 
Ke6 80.g5 Rxh3 81.g6 Rg3 82.Kh7 Kf6 0-1

[Event "26th EUR-ch"]
[Site "Katowice POL"]
[Date "2026.04.12"]
[Round "5.186"]
[White "Zalega, Maciej"]
[Black "Zawisza, Alan"]
[Result "1-0"]
[WhiteElo "2233"]
[BlackElo "2007"]
[EventDate "2026.04.07"]
[PlyCount "69"]

1.d4 Nf6 2.c4 g6 3.Nc3 Bg7 4.e4 d6 5.Be2 O-O 6.h4 c5 7.d5 e6 8.h5 exd5 9.
h6 Bh8 10.exd5 Re8 11.Bg5 Qb6 12.b3 Nbd7 13.Nf3 Ne5 14.Nxe5 Rxe5 15.Bf4 
Re7 16.O-O Bd7 17.Qd2 Rae8 18.Rae1 Bf5 19.Bf3 a6 20.Bg5 Qd8 21.g4 Bc8 22.
Rxe7 Qxe7 23.Qf4 Qe5 24.Qxe5 Rxe5 25.Bf4 Re8 26.Bxd6 Bxg4 27.Bxg4 Nxg4 28.
Na4 Nxh6 29.Bc7 Bf6 30.Nxc5 Rc8 31.d6 Bd8 32.Bxd8 Rxd8 33.Nxb7 Rd7 34.c5 
Rxb7 35.c6 1-0

[Event "26th EUR-ch"]
[Site "Katowice POL"]
[Date "2026.04.12"]
[Round "5.187"]
[White "Portelli, Matthew"]
[Black "Dovbysh, Timur"]
[Result "0-1"]
[WhiteElo "2213"]
[BlackElo "1984"]
[EventDate "2026.04.07"]
[PlyCount "48"]

1.e4 c5 2.Nf3 Nc6 3.Bb5 e6 4.Bxc6 bxc6 5.d3 Qc7 6.e5 f6 7.Bf4 Ne7 8.Nbd2 
fxe5 9.Bxe5 d6 10.Bg3 Nf5 11.Nh4 e5 12.O-O Nxg3 13.hxg3 Be6 14.f4 O-O-O 
15.Qe2 g6 16.fxe5 d5 17.c3 Be7 18.d4 Rhf8 19.Kh1 g5 20.Nhf3 h5 21.dxc5 h4 
22.Nd4 hxg3 23.Nxe6 Rh8+ 24.Kg1 Bxc5+ 0-1

[Event "26th EUR-ch"]
[Site "Katowice POL"]
[Date "2026.04.12"]
[Round "5.188"]
[White "Rodriguez Redondo, Adhara"]
[Black "Uzun, Kuzey"]
[Result "1-0"]
[WhiteElo "2203"]
[BlackElo "1982"]
[EventDate "2026.04.07"]
[PlyCount "64"]

1.e4 e6 2.d4 d5 3.exd5 exd5 4.Nf3 Bd6 5.c4 Nf6 6.c5 Be7 7.Bd3 b6 8.Be3 
bxc5 9.dxc5 O-O 10.O-O Ng4 11.Bf4 Bxc5 12.Bxh7+ Kxh7 13.Qc2+ g6 14.Qxc5 
Na6 15.Qc3 c5 16.Ng5+ Kg8 17.Qh3 Nf6 18.Qh6 Nb4 19.Nc3 Ba6 20.Rfd1 Re8 21.
h4 Nd3 22.Bg3 Qd7 23.h5 Rad8 24.Nxd5 Qxd5 25.hxg6 Bb7 26.gxf7+ Qxf7 27.
Nxf7 Kxf7 28.Bh4 Re6 29.Bxf6 Rg8 30.Qh7+ Kf8 31.Qxb7 c4 32.Bh4 Reg6 1-0

[Event "26th EUR-ch"]
[Site "Katowice POL"]
[Date "2026.04.12"]
[Round "5.189"]
[White "Walaszczyk, Aleksander"]
[Black "Kosmas-Lekkas, Dimitrios"]
[Result "1-0"]
[WhiteElo "1879"]
[BlackElo "2195"]
[EventDate "2026.04.07"]
[PlyCount "89"]

1.e4 e6 2.d4 d5 3.Nc3 Bb4 4.e5 c5 5.a3 Bxc3+ 6.bxc3 Ne7 7.Qg4 Qc7 8.Bd3 c4
9.Be2 Nf5 10.h4 Nc6 11.h5 h6 12.Nf3 Qa5 13.Bd2 Qa4 14.Kd1 Bd7 15.Nh4 Nce7 
16.Nxf5 Nxf5 17.Qf4 Ne7 18.g4 Rh7 19.Rh3 Ng8 20.g5 hxg5 21.Qxg5 Nh6 22.f4 
Bc6 23.Be1 Kd7 24.Bg4 Nxg4 25.Qxg4 Kc7 26.f5 Bd7 27.Bg3 Kb6 28.Qg5 exf5 
29.e6 Bxe6 30.Qe7 Ka6 31.Rb1 b6 32.Bf4 Re8 33.Qg5 Qxa3 34.Kd2 Kb7 35.Rb4 
a5 36.Rb1 Kc6 37.Rhh1 Qe7 38.Qg3 f6 39.Bd6 Qf7 40.Rxb6+ Kxb6 41.Bc5+ Kb5 
42.Rb1+ Ka4 43.Qd6 Bd7 44.Ra1+ Kb5 45.Qb6# 1-0

[Event "26th EUR-ch"]
[Site "Katowice POL"]
[Date "2026.04.12"]
[Round "5.190"]
[White "Marcos Herrero, Francisco"]
[Black "Lecki, Leonard"]
[Result "0-1"]
[WhiteElo "1854"]
[BlackElo "2189"]
[EventDate "2026.04.07"]
[PlyCount "64"]

1.c4 c5 2.g3 Nf6 3.Bg2 d5 4.cxd5 Nxd5 5.Nc3 Nc7 6.Nf3 Nc6 7.a3 e6 8.O-O 
Be7 9.d3 O-O 10.Be3 e5 11.Ne4 b6 12.Rc1 Bb7 13.Qa4 Kh8 14.b4 b5 15.Qb3 
cxb4 16.axb4 Nxb4 17.Bc5 a5 18.Nxe5 Bd5 19.Qb2 Ne6 20.Bxb4 axb4 21.Nc6 
Bxc6 22.Rxc6 Nd4 23.Rcc1 b3 24.e3 Ba3 25.Qxd4 Qxd4 26.exd4 Bxc1 27.Rxc1 b2
28.Rb1 Ra1 29.Nd2 Rxb1+ 30.Nxb1 Rc8 31.d5 Rc1+ 32.Bf1 Rxb1 0-1

[Event "26th EUR-ch"]
[Site "Katowice POL"]
[Date "2026.04.12"]
[Round "5.191"]
[White "Udelnov, Valentin"]
[Black "Chmiel, Pawel"]
[Result "1-0"]
[WhiteElo "2186"]
[BlackElo "1949"]
[EventDate "2026.04.07"]
[PlyCount "83"]

1.e4 e6 2.d4 d5 3.Nd2 Nc6 4.Ngf3 Nf6 5.e5 Nd7 6.Be2 f6 7.exf6 Qxf6 8.Nf1 
Bd6 9.Ne3 O-O 10.O-O Ne7 11.c4 c6 12.c5 Bc7 13.Bd3 Nf5 14.Ng4 Qg6 15.h3 b6
16.b4 a5 17.b5 h5 18.Ne3 cxb5 19.Bxf5 Rxf5 20.Nh4 Qf7 21.Nexf5 exf5 22.
cxb6 Nxb6 23.Re1 Bd6 24.Nf3 Bd7 25.Ne5 Bxe5 26.dxe5 Nc4 27.Qd4 Qe6 28.Bg5 
Kf7 29.Rad1 Bc6 30.Qh4 Kg6 31.Rd3 Be8 32.Red1 Qxe5 33.Rxd5 Qe6 34.Bf4 Kh7 
35.Qg5 Bg6 36.Rd7 Kg8 37.Re7 Qf6 38.Rdd7 Qa1+ 39.Kh2 Kh7 40.Qh6+ Kg8 41.
Rxg7+ Qxg7 42.Qxg7# 1-0

[Event "26th EUR-ch"]
[Site "Katowice POL"]
[Date "2026.04.12"]
[Round "5.192"]
[White "Pehar, Borna"]
[Black "Kulpa, Zuzanna"]
[Result "1/2-1/2"]
[WhiteElo "2183"]
[BlackElo "1979"]
[EventDate "2026.04.07"]
[PlyCount "121"]

1.e4 c5 2.Nf3 d6 3.d4 cxd4 4.Nxd4 Nf6 5.Nc3 a6 6.Be2 e5 7.Nb3 Be7 8.Be3 
Be6 9.O-O O-O 10.Qd3 Nbd7 11.a4 Nc5 12.Nxc5 dxc5 13.Qxd8 Rfxd8 14.a5 Rac8 
15.Bf3 h6 16.h3 Bd7 17.Rfd1 Bc6 18.Nd5 Bxd5 19.exd5 e4 20.Bg4 Rc7 21.c4 
Bd6 22.b4 Nxg4 23.hxg4 Rdc8 24.b5 Ra8 25.Rdb1 Kf8 26.bxa6 Rxa6 27.Rb6 Rxb6
28.axb6 Rc8 29.Ra7 Rb8 30.Kf1 Ke7 31.Ke2 g5 32.g3 Kf6 33.Kd2 Kg6 34.Kc2 f5
35.gxf5+ Kxf5 36.Kb3 h5 37.Ka4 h4 38.Kb5 h3 39.Bxc5 Bxc5 40.Kxc5 Ke5 41.
Ra1 g4 42.Rd1 Rc8+ 43.Kb5 Kd6 44.Re1 Ke5 45.Kb4 Rf8 46.Rd1 Rd8 47.Kc3 Rd6 
48.Rb1 Rf6 49.Rd1 Rd6 50.Rb1 h2 51.Rh1 Rh6 52.d6 Kxd6 53.Kd4 Kc6 54.c5 Rh8
55.Kc4 Rh5 56.Kd4 Rh8 57.Kxe4 Kxc5 58.Kf4 Rf8+ 59.Ke3 Rh8 60.Kf4 Rf8+ 61.
Ke4 1/2-1/2

[Event "26th EUR-ch"]
[Site "Katowice POL"]
[Date "2026.04.12"]
[Round "5.193"]
[White "Ugorek, Kacper"]
[Black "Wasiluk, Mateusz"]
[Result "1-0"]
[WhiteElo "2181"]
[BlackElo "1933"]
[EventDate "2026.04.07"]
[PlyCount "119"]

1.g3 d5 2.Nf3 Nf6 3.Bg2 Bg4 4.O-O Nbd7 5.c4 e6 6.d3 Bd6 7.Nbd2 O-O 8.h3 
Bh5 9.b3 c5 10.Bb2 d4 11.Ng5 Rb8 12.f4 h6 13.Nge4 Nxe4 14.Nxe4 Be7 15.g4 
Bg6 16.f5 exf5 17.gxf5 Bh7 18.Bc1 Nf6 19.Bf4 Nxe4 20.dxe4 Bd6 21.e5 Bc7 
22.Qd3 Qe8 23.Qe4 Qe7 24.e3 dxe3 25.Rae1 Rfd8 26.Bg3 f6 27.Qxe3 Bxe5 28.
Bxe5 Qxe5 29.Qxe5 fxe5 30.Rxe5 b5 31.Rxc5 bxc4 32.Bd5+ Kh8 33.Bxc4 Rd2 34.
Rf2 Rd1+ 35.Kh2 Rd7 36.Kg3 Bg8 37.Be6 Rd6 38.Re5 Rd3+ 39.Rf3 Rd2 40.a4 Rb2
41.Ree3 Rb7 42.Kf4 Kh7 43.Ke5 Bf7 44.Rd3 Rb1 45.Rfe3 Bh5 46.Rd8 Bf7 47.Rf8
Bxe6 48.fxe6 Kg6 49.Rd8 Rg1 50.h4 Kh5 51.Rd7 Rxd7 52.exd7 Rd1 53.Ke6 Kxh4 
54.Re5 Rxd7 55.Kxd7 g5 56.Ke6 g4 57.Kf5 g3 58.Kg6 g2 59.Kxh6 g1=Q 60.Rh5+ 
1-0

[Event "26th EUR-ch"]
[Site "Katowice POL"]
[Date "2026.04.12"]
[Round "5.194"]
[White "Panasiuk, Piotr"]
[Black "Obada, Ema"]
[Result "1/2-1/2"]
[WhiteElo "1787"]
[BlackElo "2181"]
[EventDate "2026.04.07"]
[PlyCount "106"]

1.e4 c6 2.d4 d5 3.exd5 cxd5 4.Bd3 Nc6 5.c3 Nf6 6.Bf4 Bg4 7.Qb3 Qd7 8.Nd2 
e6 9.Ngf3 Bd6 10.Bxd6 Qxd6 11.O-O O-O 12.Rae1 Ne7 13.Ne5 Bf5 14.Bxf5 Nxf5 
15.g4 Ne7 16.Re3 Rab8 17.Qd1 g6 18.f4 Kg7 19.Rg3 Ne8 20.Qe1 f6 21.Nd3 h6 
22.Re3 Nc7 23.Nc5 Kf7 24.Nd3 Rbe8 25.Rh3 Kg7 26.Re3 Nc6 27.Qe2 b6 28.Re1 
Qd7 29.Nf1 Kf7 30.Ng3 Kg7 31.Qd1 Nb5 32.f5 exf5 33.gxf5 Rxe3 34.Rxe3 Re8 
35.Qe1 Rxe3 36.Qxe3 g5 37.Nh5+ Kf7 38.Ng3 Nd6 39.Qf3 Ne7 40.Nb4 Ndc8 41.
Nc2 Qb5 42.b3 Nd6 43.Nb4 Ne8 44.Qh5+ Kg7 45.a4 Qd7 46.Qf3 a5 47.Nc2 Qc8 
48.Qd3 Nd6 49.Ne3 Kf7 50.Kg2 Qd7 51.Ng4 Ng8 52.Ne3 Qc6 53.Kg1 Ne7 1/2-1/2

[Event "26th EUR-ch"]
[Site "Katowice POL"]
[Date "2026.04.12"]
[Round "5.195"]
[White "Truchel, Tomasz"]
[Black "Bitbol-Delaveyne, Maelan"]
[Result "0-1"]
[WhiteElo "1698"]
[BlackElo "2181"]
[EventDate "2026.04.07"]
[PlyCount "84"]

1.e4 d5 2.exd5 Qxd5 3.Nc3 Qd6 4.Nf3 Nf6 5.h3 c6 6.Bc4 Bf5 7.d4 Nbd7 8.O-O 
e6 9.Ne2 Qc7 10.Bf4 Bd6 11.Bxd6 Qxd6 12.Ng3 Bg6 13.c3 O-O 14.Qe2 Nd5 15.
Ne5 b5 16.Bb3 Nxe5 17.dxe5 Qc5 18.Ne4 Qe7 19.f4 a6 20.Rad1 Qa7+ 21.Rf2 
Nxf4 22.Qf3 Nd5 23.c4 bxc4 24.Bxc4 Ne3 25.Rc1 Rad8 26.Nd6 a5 27.Qxc6 Qd4 
28.Re1 Nxc4 29.Qa4 Bd3 30.b3 Qc3 31.Rd1 Ne3 32.Rdd2 Qc1+ 33.Kh2 Nf1+ 34.
Rxf1 Qxd2 35.Rf3 Bg6 36.h4 Qb4 37.Qc6 Qxh4+ 38.Kg1 Qe1+ 39.Rf1 Qxe5 40.Nc4
Qd4+ 41.Kh1 Rd5 42.a4 Rh5# 0-1

[Event "26th EUR-ch"]
[Site "Katowice POL"]
[Date "2026.04.12"]
[Round "5.196"]
[White "Smolinski, Wojciech"]
[Black "Paikens, Reinis"]
[Result "0-1"]
[WhiteElo "1989"]
[BlackElo "2302"]
[EventDate "2026.04.07"]
[PlyCount "116"]

1.e4 e5 2.Nf3 Nc6 3.Bc4 Bc5 4.c3 Nf6 5.d4 exd4 6.cxd4 Bb4+ 7.Nc3 Nxe4 8.
O-O Bxc3 9.d5 Ne5 10.bxc3 Nxc4 11.Qd4 Ncd6 12.Qxg7 Qf6 13.Qxf6 Nxf6 14.
Re1+ Nfe4 15.Nd2 f5 16.f3 O-O 17.fxe4 Re8 18.e5 b5 19.Ba3 Nf7 20.Nf3 Bb7 
21.Rad1 a5 22.e6 dxe6 23.dxe6 Nd8 24.Nd4 b4 25.Bb2 Be4 26.e7 Nf7 27.c4 c5 
28.Ne6 Rxe7 29.Nxc5 h6 30.Nd7 Kh7 31.Re3 Ra7 32.Rg3 Ng5 33.Nf8+ Kg8 34.Ng6
Red7 35.Rxd7 Rxd7 36.h4 Rd2 37.Be5 Ne6 38.Nh8+ Kf8 39.Rg6 Ke7 40.Rxh6 
Rxg2+ 41.Kf1 f4 42.Rf6 f3 43.Rf7+ Kd8 44.Ke1 Nc5 45.Bd4 Re2+ 46.Kf1 Nd3 
47.Kg1 Rg2+ 48.Kf1 Rc2 49.Kg1 Rg2+ 50.Kf1 Rc2 51.Kg1 Rxc4 52.Be3 Rc2 53.
Ra7 Ne5 54.Bd4 Rg2+ 55.Kf1 Bd3+ 56.Ke1 Re2+ 57.Kd1 Bc2+ 58.Kc1 Nd3# 0-1

[Event "26th EUR-ch"]
[Site "Katowice POL"]
[Date "2026.04.12"]
[Round "5.197"]
[White "Zabawski, Grzegorz"]
[Black "Piddubna, Bozhena"]
[Result "0-1"]
[WhiteElo "1984"]
[BlackElo "2301"]
[EventDate "2026.04.07"]
[PlyCount "132"]

1.e4 e5 2.Nf3 Nc6 3.Bc4 Nf6 4.d3 Bc5 5.Nc3 a6 6.O-O d6 7.Bg5 h6 8.Be3 Nd4 
9.Bxd4 exd4 10.Ne2 Bg4 11.Nd2 Ba7 12.a4 O-O 13.f3 Bc8 14.Qe1 d5 15.Bxd5 
Nxd5 16.exd5 Re8 17.Qf2 Qxd5 18.Ng3 c5 19.Rfe1 Bd7 20.b3 Bb8 21.Ngf1 Bf4 
22.Nc4 Bc7 23.Rxe8+ Rxe8 24.Re1 b5 25.axb5 axb5 26.Rxe8+ Bxe8 27.Qe1 Kf8 
28.Ncd2 f5 29.Qa1 Bf4 30.Qe1 Bc6 31.Nb1 g5 32.h3 Kf7 33.Qa5 h5 34.Qa7+ Kg6
35.Qe7 Bd6 36.Qe2 Kf6 37.Kf2 Bf4 38.Nbd2 Qd8 39.g4 hxg4 40.hxg4 fxg4 41.
fxg4 Qh8 42.Ne4+ Bxe4 43.dxe4 Qe8 44.Ng3 Bxg3+ 45.Kxg3 Qb8+ 46.Kh3 Qf4 47.
Qxb5 Qf3+ 48.Kh2 Qf2+ 49.Kh1 Qh4+ 50.Kg1 Qxg4+ 51.Kf2 Qf4+ 52.Ke2 Qxe4+ 
53.Kd1 Qe5 54.Qd7 Qe6 55.Qd8+ Kg6 56.b4 Qg4+ 57.Kd2 Qf4+ 58.Kd1 Qf3+ 59.
Ke1 cxb4 60.Qg8+ Kf5 61.Qf7+ Kg4 62.Qe6+ Kg3 63.Qd6+ Qf4 64.Qxb4 Qc1+ 65.
Ke2 Qxc2+ 66.Ke1 Qc3+ 0-1

[Event "26th EUR-ch"]
[Site "Katowice POL"]
[Date "2026.04.12"]
[Round "5.198"]
[White "Modzelewski, Filip"]
[Black "Varga, Csaba Zoltan"]
[Result "0-1"]
[WhiteElo "1971"]
[BlackElo "2280"]
[EventDate "2026.04.07"]
[PlyCount "74"]

1.d4 d5 2.c4 dxc4 3.e3 c5 4.Bxc4 cxd4 5.Nf3 Qc7 6.Qb3 e6 7.O-O a6 8.exd4 
Nf6 9.Nc3 Nc6 10.Bd3 Be7 11.Re1 O-O 12.Bg5 Rd8 13.Rad1 b5 14.Bb1 b4 15.Na4
Bb7 16.Qc2 g6 17.Nc5 Rac8 18.Qe2 Nxd4 19.Nxd4 Qxc5 20.Nxe6 Qc6 21.Rxd8+ 
Bxd8 22.Nf4 Bc7 23.Qf1 Bb6 24.Nd3 Ng4 25.h3 Qb5 26.Bd2 Nf6 27.Nxb4 Qc5 28.
Bc3 Qg5 29.Re5 Qh4 30.Qe2 Rxc3 31.bxc3 Qg3 32.Nd5 Bxd5 33.Rxd5 Nxd5 34.Qb2
Nf4 35.Be4 Nxh3+ 36.Kf1 Qxf2+ 37.Qxf2 Nxf2 0-1

[Event "26th EUR-ch"]
[Site "Katowice POL"]
[Date "2026.04.12"]
[Round "5.199"]
[White "Adamczyk, Zuzanna"]
[Black "Hryzlova, Sofiia"]
[Result "0-1"]
[WhiteElo "1950"]
[BlackElo "2278"]
[EventDate "2026.04.07"]
[PlyCount "142"]

1.e4 c5 2.Nf3 d6 3.Bb5+ Nd7 4.d4 cxd4 5.Nxd4 a6 6.Bd3 Ngf6 7.O-O e6 8.c4 
Be7 9.Nc3 O-O 10.Be3 Ne5 11.Be2 Bd7 12.Rc1 Rc8 13.b3 Re8 14.f4 Nc6 15.Kh1 
Bf8 16.Nxc6 Bxc6 17.Bf3 h6 18.Qd2 b5 19.e5 dxe5 20.Qxd8 Rexd8 21.Bxc6 Rxc6
22.cxb5 axb5 23.Nxb5 Ra6 24.a4 Nd5 25.Rfd1 Raa8 26.Bc5 exf4 27.Bxf8 Kxf8 
28.Kg1 Rd7 29.Kf2 Rb7 30.Kf3 Ke7 31.Ke4 g5 32.Rd2 f5+ 33.Ke5 Nf6 34.h3 Ra5
35.Rdc2 Rbxb5+ 36.axb5 Rxb5+ 37.Kd4 Nd5 38.Rb2 Kd6 39.Rc8 Ne3 40.Rb1 Nxg2 
41.Kc4 Rb7 42.Rd8+ Ke5 43.b4 f3 44.b5 f2 45.Kd3 f1=Q+ 46.Rxf1 Rxb5 47.Kc4 
Rb7 48.Rg1 Ne3+ 49.Kd3 Rb3+ 50.Ke2 Nd5 51.h4 g4 52.Re1 Kf6 53.Rh8 Kg7 54.
Re8 Nf4+ 55.Kd2 Rd3+ 56.Kc2 Rf3 57.Ra1 g3 58.h5 g2 59.Ra7+ Kf6 60.Rf8+ Ke5
61.Ra5+ Ke4 62.Rg8 Rf2+ 63.Kb3 Rf1 64.Ra4+ Ke3 65.Rxf4 g1=Q 66.Rxg1 Rxg1 
67.Rc4 f4 68.Rc6 e5 69.Rxh6 f3 70.Rf6 f2 71.h6 f1=Q 0-1

[Event "26th EUR-ch"]
[Site "Katowice POL"]
[Date "2026.04.12"]
[Round "5.200"]
[White "Czyz, Andrzej"]
[Black "Yasmo, Daniil"]
[Result "0-1"]
[WhiteElo "1936"]
[BlackElo "2271"]
[EventDate "2026.04.07"]
[PlyCount "88"]

1.d4 Nf6 2.c4 c5 3.d5 b5 4.cxb5 a6 5.e3 g6 6.Nc3 Bg7 7.Nf3 O-O 8.Be2 axb5 
9.Bxb5 Bb7 10.O-O e6 11.e4 Qb6 12.a4 Na6 13.Bg5 d6 14.Nd2 exd5 15.Bxf6 
Bxf6 16.Nxd5 Bxd5 17.exd5 Nb4 18.Nc4 Qd8 19.Ra3 Bd4 20.Qf3 Ra7 21.Rb3 Re7 
22.g3 f5 23.Rd1 Re4 24.Nd2 Re5 25.Nc4 Re4 26.Nd2 Rg4 27.Nf1 Qf6 28.Ne3 Re4
29.Bd7 Bxb2 30.Rd2 Bd4 31.Bb5 Rf7 32.Nc2 Nxc2 33.Rxc2 Re1+ 34.Kg2 Rfe7 35.
Ra3 g5 36.g4 f4 37.Raa2 h5 38.gxh5 g4 39.Qxg4+ Rg7 40.Qxg7+ Qxg7+ 41.Kf3 
Qg5 42.Re2 Qxd5+ 43.Kxf4 Be5+ 44.Kf5 Qf3+ 0-1

[Event "26th EUR-ch"]
[Site "Katowice POL"]
[Date "2026.04.12"]
[Round "5.201"]
[White "Celik, Ali Alper"]
[Black "Dovzhenko, Oleksandr"]
[Result "1-0"]
[WhiteElo "2256"]
[BlackElo "1990"]
[EventDate "2026.04.07"]
[PlyCount "31"]

1.e4 c5 2.Nc3 Nc6 3.Bb5 a6 4.Bxc6 dxc6 5.d3 e5 6.f4 exf4 7.Bxf4 Bd6 8.Bxd6
Qxd6 9.Qd2 b5 10.Nf3 Bd7 11.e5 Qe7 12.Ne4 O-O-O 13.Qa5 Be8 14.Qxa6+ Kb8 
15.Qb6+ Kc8 16.a4 1-0

[Event "26th EUR-ch"]
[Site "Katowice POL"]
[Date "2026.04.12"]
[Round "5.202"]
[White "Tymrakiewicz, Rafal"]
[Black "Spyra, Piotr"]
[Result "1-0"]
[WhiteElo "2216"]
[BlackElo "1975"]
[EventDate "2026.04.07"]
[PlyCount "87"]

1.d4 Nf6 2.Nf3 g6 3.c4 Bg7 4.g3 O-O 5.Bg2 d5 6.cxd5 Nxd5 7.O-O Nc6 8.e4 
Nb6 9.d5 Na5 10.Nc3 c6 11.dxc6 Qxd1 12.Rxd1 Nxc6 13.h3 Bxc3 14.bxc3 Na4 
15.Bh6 Re8 16.Rdc1 Rd8 17.Bf1 Nc5 18.Re1 b6 19.Be3 Nxe4 20.Bxb6 axb6 21.
Rxe4 Be6 22.a4 Rdc8 23.Ra3 Bf5 24.Re1 Bc2 25.Ra2 Bb3 26.Ra3 Bc2 27.Ra2 Bb3
28.Ra3 Bc2 29.Bb5 Na7 30.Ba6 Rc7 31.Nd4 Nc6 32.Nxc6 Rxa6 33.Nb4 Rxa4 34.
Nxc2 Rxa3 35.Nxa3 Rxc3 36.Nb5 Rc5 37.Rb1 h5 38.Rb4 h4 39.g4 g5 40.Nd4 e6 
41.Rxb6 Kg7 42.Rb5 Rc1+ 43.Kg2 Kf6 44.Nf3 1-0

[Event "26th EUR-ch"]
[Site "Katowice POL"]
[Date "2026.04.12"]
[Round "5.203"]
[White "Meirovich, Ilay"]
[Black "Amiridou, Dimitra"]
[Result "1-0"]
[WhiteElo "2190"]
[BlackElo "1965"]
[EventDate "2026.04.07"]
[PlyCount "61"]

1.d4 Nf6 2.c4 g6 3.Nc3 Bg7 4.e4 d6 5.h3 e5 6.d5 h5 7.Nf3 a5 8.c5 Nbd7 9.
cxd6 cxd6 10.Qc2 O-O 11.Be3 b6 12.Nd2 Nc5 13.a3 Bd7 14.Be2 a4 15.O-O Nh7 
16.f4 f5 17.fxe5 Bxe5 18.Nc4 Rc8 19.Nxe5 dxe5 20.Bh6 Nxe4 21.Ba6 Rc5 22.
Bxf8 Qxf8 23.Rad1 Nhf6 24.Bb7 Bb5 25.Rfe1 Rc7 26.d6 Rc5 27.Bxe4 Nxe4 28.d7
Qd8 29.Rxe4 fxe4 30.Qxe4 Kh7 31.Rd6 1-0

[Event "26th EUR-ch"]
[Site "Katowice POL"]
[Date "2026.04.12"]
[Round "5.204"]
[White "Chmiel, Dominika"]
[Black "Sliwicki, Damian"]
[Result "1/2-1/2"]
[WhiteElo "1932"]
[BlackElo "2176"]
[EventDate "2026.04.07"]
[PlyCount "105"]

1.e4 c5 2.Nf3 Nc6 3.d4 cxd4 4.Nxd4 g6 5.c4 Nf6 6.Nc3 Nxd4 7.Qxd4 d6 8.f3 
Bg7 9.Be3 O-O 10.Qd2 Be6 11.Be2 Rc8 12.Nd5 Bxd5 13.cxd5 Nd7 14.O-O Nc5 15.
Rac1 a5 16.b3 Qb6 17.Rc4 Qa7 18.Rfc1 Kh8 19.Kh1 b6 20.Bd4 Bxd4 21.Qxd4+ 
Kg8 22.R4c3 Qd7 23.h3 f5 24.Qe3 Qe8 25.a3 f4 26.Qg1 Rb8 27.b4 Nd7 28.Bb5 
Qd8 29.Rc7 Ne5 30.Ba6 axb4 31.axb4 Qe8 32.Bc8 Kg7 33.Be6 Kf6 34.Qf2 g5 35.
Kh2 h6 36.g3 Kg7 37.Bf5 fxg3+ 38.Qxg3 Ra8 39.f4 Ra2+ 40.R7c2 Qa4 41.Rg2 
Rxg2+ 42.Qxg2 Qa3 43.Rf1 Nf7 44.fxg5 hxg5 45.Be6 Qe3 46.Rf3 Qd4 47.Rf5 Qe3
48.Rf3 Qd4 49.h4 Qe5+ 50.Kh1 Nd8 51.Bf5 Nf7 52.Be6 Nd8 53.Bf5 1/2-1/2